000 00686nam a2200229Ia 4500
005 20250508163654.0
008 008 250505s9999 xx 000 0 eng d
020 _a0-02-344133-x
037 _aReference
040 _aFEDL
_beng
_cFEDL
041 _aeng
_2eng
084 _a370.152, GLO
_qFEDL
100 _aGlover John A.
245 0 _aCognitive psychology for teachers.
260 _aNew York, USA
_bMacmillan Publishing Company
_c1990
300 _axvi, 416p
365 _aUSD
_b26.95
650 _aLearning; Cognitive psychology
_9775944
700 _a Ronning Royce R. Bruning Roger H.
_9775945
942 _cREF
_h370.152, GLO
999 _c1384622
_d1384622